Responses for Show #7350 - Friday, July 22, 2016

Pranjal Vachaspati game 4.

Contestants

[<< previous game]

Samantha Hartke, a product manager from Sugar Land, Texas

Ross Merriam, a strategy card game player and writer from Roanoke, Virginia

Pranjal Vachaspati, a Ph.D. student originally from Shaker Heights, Ohio (whose 3-day cash winnings total $67,188)

[next game >>]

Jeopardy! Round responses

POISONOUS PLANTS
OPERATIC ADJECTIVES
THAT GAME OF THRONES GUY WITH THE BEARD
(Alex: Don't they all have beards?)
THE BUCKET LIST
THINGS TO DO BEFORE
YOU "DY"
(Alex: "D-Y" coming up in each correct response.)
    $200 30
poison ivy

Pranjal
    $200 14
Flying

Pranjal
    $200 27
Conan

Pranjal
    $200 28
bucket brigade

Pranjal
    $200 26
a heat

Samantha
    $200 29
a dynasty

Ross
    $400 25
(Alex: [*] is right, with less than a minute now.)

nettle

Pranjal
    $400 12
Magic

Pranjal
    $400 4
dragons

Ross
    $400 7
SpongeBob SquarePants

Samantha
    $400 22
(Samantha: What is wintering?)
(Alex: Yes.)
(Samantha: Or--)
(Alex: Or [*]. Yes.)
[Reversed before Double Jeopardy!]

winterizing

Samantha
Triple Stumper
    $400 24
dynamite

Pranjal
    $600 23
hemlock

Pranjal
    $600 18
Bartered

Samantha
    $600 8
Ian Fleming

Ross
    $600 19
Grandma Moses

Pranjal
    $600 2
(Ross: What is pre?)
(Alex: Be more specific.)
(Ross: Um...)
(Alex: I need the full word.)

preliminary

PranjalRoss
    $600 1
The Dick Van Dyke Show

Ross
    $800 13
daffodils

Ross
    $800 16
Merry

Samantha
    $800 10
The Full Monty

Samantha
    $800 3
Chevy

Samantha
    $800 21
almanac

Samantha
    $800 9
Dyson

Pranjal
    $1000 20
the valley

Samantha
    $1000 17
Golden

Samantha
    $1000 11
(Ross: Who is, um...)
(Alex: Oh, darn, it's not coming.)

Peter Dinklage

RossSamantha
    $1000 15
(Tom) Sawyer

Pranjal
    $1,000 5
(Ross: What are opening statements?)

the arraignment

Ross
    $1000 6
dyed in the wool

Ross

Scores at the first commercial break (after clue 15):

Pranjal Ross Samantha
$3,000 $800 $3,000

Scores at the end of the Jeopardy! Round:

Pranjal Ross Samantha
$5,600 $1,000 $7,000

Double Jeopardy! Round responses

HAPPY TRAILS TO YOU
FRENCH HISTORY
BEASTLY BACKING BANDS
SHE'S A REAL SAINT!
TECHNO-THRILLERS
SOUNDS LIKE A PIECE OF FURNITURE
    $400 27
the Freedom Trail

Pranjal
    $400 1
(Samantha: What is Charles?)

Louis

PranjalSamantha
    $400 11
the Crickets

Samantha
    $400 28
[The end-of-round signal sounds.]

Bureau

Samantha
    $800 26
the Oregon Trail

Ross
    $800 25
Joan of Arc

Ross
    $800 21
Ants

Pranjal
    $800 20
Luxembourg

Pranjal
    $800 16
Utopia

Pranjal
    $800 18
a chair

Pranjal
    $1200 12
the Cascades

Pranjal
    $1,400 8
(Pranjal: Who are Alsatians?)

the Basques

Pranjal
    $1200 4
Crazy Horse

Ross
    $1200 2
the television

Pranjal
    $1200 3
Michael Crichton

Samantha
    $1200 22
(Pranjal: What is a spreadsheet?)
...
(Alex: Spreadsheet is not a piece of furniture.)

a table

PranjalRoss
    $1600 9
Machu Picchu

Ross
    $1600 17
the Huguenots

Pranjal
    $1600 5
the Fish

Triple Stumper
    $1600 14
(Ross: What is the Iroquois?)

Mohawk

PranjalRoss
    $1600 7
Alistair MacLean

Triple Stumper
    $1600 19
Ottoman

Pranjal
    $2000 13
the Chisholm Trail

Samantha
    $2000 10
Robespierre

Ross
    $2000 6
the Spiders from Mars

Pranjal
    $3,500 15
(St.) Anne

Pranjal
    $2000 24
Neuromancer

Pranjal
    $2000 23
(Alex: Less than a minute to go now, Ross.)

a bed

Triple Stumper

Scores at the end of the Double Jeopardy! Round:

Pranjal Ross Samantha
$21,700 $7,000 $10,600
(lock game)

[wagering suggestions for these scores]

Final Jeopardy! Round responses

PAINTED LADIES
(Alex: I think they even made a movie about her.)
RossWho is Princess Charlotte?
$7,000
SamanthaWho is Queen Victoria
$7,001
PranjalWho is The girl with the pearl earring?
$300
the Girl with the Pearl Earring

Final scores:

Pranjal Ross Samantha
$22,000 $0 $3,599
4-day champion: $89,188 3rd place: $1,000 2nd place: $2,000

Game dynamics:

Coryat scores:

Pranjal Ross Samantha
$21,600 $8,000 $10,600
26 R
(including 1 DD),
2 W
(including 1 DD)
12 R,
4 W
(including 1 DD)
14 R,
2 W

Combined Coryat: $40,200

[game clues] [game scores] [suggest correction]

Game tape date: 2016-04-26
The J! Archive is created by fans, for fans. Scraping, republication, monetization, and malicious use prohibited; this site may use cookies and collect identifying information. See terms. The Jeopardy! game show and all elements thereof, including but not limited to copyright and trademark thereto, are the property of Jeopardy Productions, Inc. and are protected under law. This website is not affiliated with, sponsored by, or operated by Jeopardy Productions, Inc. Join the discussion at JBoard.tv.